| 000 | 01409nam a2200337Ia 4500 | ||
|---|---|---|---|
| 003 | CO-BoRNBP | ||
| 005 | 20230915185736.0 | ||
| 008 | 141031s999 ck 000 0 spa d | ||
| 020 | _a9789588756431 | ||
| 040 |
_aCO-BoRNBP _bspa _erda _cCO-BoRNBP |
||
| 082 | 0 | 4 |
_aR 591.7 F235e _222 |
| 100 | 1 |
_aFarndon, John _918344 |
|
| 245 | 1 | 3 |
_aLa enciclopedia de los hábitats _cJohn Farndon ; traducción Fernando Bort Misol, María Patricia Esguerra ; editora Liz Lambert |
| 250 | _a2a edición | ||
| 264 |
_aBogotá _bPanamericana _c2012 |
||
| 300 |
_a160 páginas _bilustraciones y fotografías en color _c28 cm. |
||
| 336 |
_atexto _btxt _2rdacontent |
||
| 337 |
_asin mediación _bn _2rdamedia |
||
| 338 |
_avolumen _bnc _2rdacarrier |
||
| 500 | _aIncluye índice alfabético y glosario | ||
| 505 | _aPraderas tropicales -- Selvas tropicales -- Desiertos -- Bosques templados -- Praderas templadas -- Taiga y tundra -- Humedales -- Montañas y regiones polares | ||
| 534 | _tThe wild life atlas | ||
| 650 | 1 | 4 |
_2LEMB _aHabitat (Ecología) _vEnciclopedias _918345 |
| 650 | 1 | 4 |
_2LEMB _aEcología animal _vEnciclopedias _918346 |
| 650 | 1 | 4 |
_2LEMB _aEcología de selva lluviosa _vEnciclopedias _918347 |
| 650 | 1 | 4 |
_2LEMB _aHumedales _vEnciclopedias _918348 |
| 700 | 1 |
_aBort Misol, Fernando _etraductor _918349 |
|
| 700 | 1 |
_aEsguerra, María Patricia _etraductor _918350 |
|
| 700 | 1 |
_aLambert , Liz _eeditor _918351 |
|
| 942 |
_2ddc _cBK |
||
| 999 |
_c2058 _d2058 |
||